000 01476nam a22003135i 4500
003 CO-CtgCURN
005 20260305230204.0
008 180512s2018 sp 000 0 spa d
020 _a9788491133377
040 _aCO-CtgCURN
_bspa
_ccoctgcurn
082 0 4 _a610.7367
_bB327
100 1 _aBaston, Helen,
_d1962-
245 1 0 _aBases /
_cHelen Baston, Jenny Hall.
250 _aSegunda edición.
260 _aBarcelona :
_bElsevier,
_c2018.
300 _aVIII, 250 páginas.
490 1 _aGuías de enfermería obstétrica y materno-infantil ;
_v1
500 _aíndice alfabético
505 _a1. Introducción. 2. Comunicación. 3. Higiene y control de la infección: mujeres con problemas de movilidad. 4. Medición de la presión arterial. 5. Medición de la temperatura. 6. Pulso y respiración. 7. Recogida de muestras. 8. Análisis de orina. 9. Venopunción. 10. Análisis de sangre en el neonato. 11. Administración de medicamentos. 12. Administración de inyecciones. 13. Atención quirúrgica
590 _aCuidado de Enfermería materno infantil y familia (Enfermaría)
650 4 _aEnfermería materno infantil.
650 4 _aEnfermería
_xObstetricia.
650 4 _aEnfermería
_xTratados
650 4 _aEnfermería
_xManuales
700 1 _aHall, Jenny,
_d1959-
942 _aBK
_cBK
_h610.7367
_iB327
_2ddc
_n0
999 _c21486
_d21486